| 000 | 01113nam a2200301 i 4500 | ||
|---|---|---|---|
| 001 | 000016758 | ||
| 003 | DO-SdBNP | ||
| 005 | 20240131082512.0 | ||
| 007 | ta | ||
| 008 | 100310s1996 dr 000 0 spa d | ||
| 040 |
_aDO-SdBNP _bspa _cBNPHU _erda |
||
| 082 |
_a338.642 _bO48c _222 |
||
| 100 | 1 |
_aOlivares, Mirtha _937136 |
|
| 245 | 1 | 0 |
_aCapacitación y entrenamiento en la microempresa dominicana / _cMartha Olivares ; colaborador Juan Lladó, Claribel Díaz. |
| 264 | 1 |
_aSanto Domingo : _bFONDOMICRO,, _c1996. |
|
| 300 |
_a202 Páginas _c28 cm. |
||
| 336 |
_2rdacontent _atexto _btxt |
||
| 337 |
_2rdamedia _asin mediación _bn |
||
| 338 |
_2rdacarrier _avolumen _bnc |
||
| 590 | _aInventariado,2018/DG | ||
| 650 | 4 |
_aMicroempresas _zRepública Dominicana _9289 |
|
| 650 | 4 |
_aMicroempresas _xEstudio y enseñanza _zRepública Dominicana _937137 |
|
| 700 | 1 | 2 |
_aLladó, Juan _937138 _ecolaboración |
| 700 | 1 | 2 |
_aDíaz, Claribel _937139 _ecolaboración |
| 710 | 2 |
_aFondo para el Financiamiento de la Microempresa (República Dominicana) _99642 |
|
| 910 | _aValidado. Control de calidad MFF | ||
| 942 |
_2ddc _cLBS1 |
||
| 999 |
_c16290 _d16290 |
||